| 000 | 00451nam a2200169Ia 4500 | ||
|---|---|---|---|
| 003 | GCL | ||
| 008 | 140319s9999 xx 000 0 eng d | ||
| 040 |
_aGCL / _cGCL |
||
| 082 | 0 | 4 |
_aCH _b030 _bT A |
| 100 | 1 | _aTIBI, DARA PEREZ. \\=aTIME LIFE BOOKSv | |
| 245 | 1 | 0 |
_aANIMALS IN ACTION / _cTIBI, DARA PEREZ. |
| 260 |
_a[S.N] : _bTIME - LIFE BOOKS INC. ، _c1988 |
||
| 300 | _a87 P | ||
| 650 | 0 | 4 | _aANIMALS |
| 650 | 0 | 4 | _aENCYCLOPEDIAS |
| 942 |
_2ddc _cBK |
||
| 999 |
_c11466 _d11466 |
||